[Event "Cali Masificacion op"]
[Site "Cali"]
[Date "2021.12.29"]
[Round "7"]
[White "Cayon, Diego Mauricio"]
[Black "Pazos Gambarrotti, Plinio Efrain"]
[Result "1-0"]
[WhiteElo "2069"]
[BlackElo "2059"]
[PlyCount "75"]
[EventDate "2021.12.26"]
[EventType "swiss"]
[EventRounds "7"]
[EventCountry "COL"]
[SourceTitle "CBM 205 Extra"]
[Source "ChessBase"]
[SourceDate "2022.01.31"]
[SourceVersion "1"]
[SourceVersionDate "2022.01.31"]
[SourceQuality "1"]

1. d4 Nf6 2. Bf4 g6 3. Nc3 d5 4. Nf3 Bg7 5. Ne5 0-0 6. f3 c5 7. e3 Nc6 8. Bb5 Qb6 9. Bxc6 bxc6 10. 0-0 cxd4 11. exd4 Nh5 12. Qd2 f6 13. Na4 Qb5 14. Nc3 Qa6 15. Nd3 Nxf4 16. Qxf4 e5 17. Qe3 Qb6 18. Na4 Qxd4 19. Qxd4 exd4 20. Nac5 a5 21. a4 Bf5 22. Rfe1 Rfb8 23. Re7 Bf8 24. Rc7 Rb6 25. Nd7 Bxd7 26. Rxd7 c5 27. Nf4 Rxb2 28. Nxd5 Bg7 29. Re1 Rxc2 30. Ree7 Bh8 31. Nf4 Rb8 32. h4 f5 33. Ne6 c4 34. Nd8 Kf8 35. f4 Bf6 36. Rf7+ Ke8 37. Ne6 Rc8 38. Ra7 1-0

[Event "Cali Masificacion op"]
[Site "Cali"]
[Date "2021.12.27"]
[Round "3"]
[White "Cayon, Diego Mauricio"]
[Black "Lopez Rayo, Isabella"]
[Result "1-0"]
[WhiteElo "2069"]
[BlackElo "1718"]
[PlyCount "41"]
[EventDate "2021.12.26"]
[EventType "swiss"]
[EventRounds "7"]
[EventCountry "COL"]
[SourceTitle "CBM 205 Extra"]
[Source "ChessBase"]
[SourceDate "2022.01.31"]
[SourceVersion "1"]
[SourceVersionDate "2022.01.31"]
[SourceQuality "1"]

1. b3 Nf6 2. Bb2 g6 3. Bxf6 exf6 4. c4 Bg7 5. Nc3 0-0 6. g3 d6 7. Bg2 f5 8. Rc1 Nd7 9. e3 Re8 10. Nge2 Nf6 11. d3 c6 12. b4 Qb6 13. Rb1 Ng4 14. 0-0 Bd7 15. c5 Qc7 16. d4 d5 17. b5 Qc8 18. Rb4 Nf6 19. bxc6 bxc6 20. Qa4 Qc7 21. Rfb1 1-0

[Event "COL-ch Blitz"]
[Site "Villavicencio"]
[Date "2021.11.15"]
[Round "13"]
[White "Cayon, Diego Mauricio"]
[Black "Quinonez Garcia, Santiago"]
[Result "1-0"]
[WhiteElo "2054"]
[BlackElo "2187"]
[PlyCount "97"]
[EventDate "2021.11.15"]
[EventType "swiss (blitz)"]
[EventRounds "13"]
[EventCountry "COL"]
[SourceTitle "CBM 205 Extra"]
[Source "ChessBase"]
[SourceDate "2022.01.31"]
[SourceVersion "1"]
[SourceVersionDate "2022.01.31"]
[SourceQuality "1"]

1. d4 Nf6 2. Bf4 d6 3. Nc3 Bf5 4. f3 d5 5. Qd2 e6 6. 0-0-0 c5 7. dxc5 Bxc5 8. e4 Bg6 9. exd5 exd5 10. Nxd5 Nxd5 11. Qxd5 Qxd5 12. Rxd5 Bb6 13. Bb5+ Nc6 14. Bd6 0-0-0 15. Ne2 Nb4 16. Bxb4 Rxd5 17. Nc3 Rdd8 18. Re1 a6 19. Ba4 Kb8 20. g4 Rd4 21. Ba3 Rc8 22. Bb3 Ba5 23. Re3 h5 24. h3 Bb6 25. Re7 Bd8 26. Re5 Bf6 27. Rc5 Rxc5 28. Bxc5 Bg5+ 29. Kb1 Rd2 30. a4 Rh2 31. Bd6+ Ka7 32. Bxh2 Be3 33. f4 h4 34. f5 Bh7 35. Bxf7 Bd4 36. Nd5 Bf2 37. c3 Bc5 38. Kc2 b5 39. axb5 axb5 40. b4 Bf2 41. Kd3 Kb7 42. Ke4 Kc6 43. Nf4 Be1 44. Kd3 Bf2 45. Ne6 Kd7 46. Ng5 Ke7 47. Bb3 Bxf5+ 48. gxf5 Kf6 49. Ne4+ 1-0

[Event "COL pre olympic sf2"]
[Site "Palmira"]
[Date "2019.05.29"]
[Round "1"]
[White "Cayon, Diego Mauricio"]
[Black "Mora Munoz, John Alexander"]
[Result "1-0"]
[WhiteElo "2111"]
[BlackElo "1614"]
[PlyCount "59"]
[EventDate "2019.05.29"]
[EventType "swiss"]
[EventRounds "10"]
[EventCountry "COL"]
[SourceTitle "CBM 190 Extra"]
[Source "ChessBase"]
[SourceDate "2019.07.15"]
[SourceVersion "1"]
[SourceVersionDate "2019.07.15"]
[SourceQuality "1"]

1. e4 c5 2. Nf3 d6 3. d4 cxd4 4. Nxd4 Nf6 5. Nc3 a6 6. h3 e5 7. Nde2 b5 8. g4 Bb7 9. Bg2 g6 10. Bg5 Bg7 11. Ng3 h6 12. Be3 Nc6 13. Qd2 Na5 14. b3 Rc8 15. a4 b4 16. Nd5 Bxd5 17. exd5 Rb8 18. 0-0 h5 19. g5 Nd7 20. Ne4 Qc7 21. Qd3 Ra8 22. Qd2 Rb8 23. h4 0-0 24. Bh3 f5 25. gxf6 Nxf6 26. Ng5 Qc3 27. Qe2 Nxd5 28. Be6+ Kh8 29. Bxd5 Nc6 30. Ne4 1-0

[Event "COL-ch"]
[Site "Palmira"]
[Date "2017.05.17"]
[Round "4"]
[White "Cayon, Diego Mauricio"]
[Black "Dabraccio, Guillermo"]
[Result "1-0"]
[WhiteElo "2005"]
[BlackElo "1692"]
[PlyCount "79"]
[EventDate "2017.05.15"]
[EventType "swiss"]
[EventRounds "10"]
[EventCountry "COL"]
[SourceTitle "CBM 178 Extra"]
[Source "ChessBase"]
[SourceDate "2017.06.22"]
[SourceVersion "1"]
[SourceVersionDate "2017.06.22"]
[SourceQuality "1"]

1. b3 g6 2. Bb2 Nf6 3. Bxf6 exf6 4. c4 c5 5. Nc3 Nc6 6. g3 Bg7 7. Bg2 0-0 8. e3 Nb4 9. d4 cxd4 10. exd4 Re8+ 11. Nge2 d6 12. 0-0 Rb8 13. a3 Nc6 14. b4 Bf5 15. Qd2 Qd7 16. Rfe1 h5 17. h4 Kh7 18. Nd5 Be4 19. b5 Bxg2 20. Kxg2 Ne7 21. Nec3 Nxd5 22. Nxd5 b6 23. a4 Re6 24. a5 bxa5 25. Qxa5 Rb7 26. Qd2 f5 27. Qd3 Qe8 28. Re3 Rxe3 29. fxe3 Qe6 30. Kf2 f6 31. Nf4 Qd7 32. Ra6 Rb6 33. Ra4 g5 34. Nxh5 gxh4 35. gxh4 Kh6 36. Nf4 Bf8 37. Ra1 d5 38. Rg1 dxc4 39. Rg6+ Kh7 40. Qe2 1-0

[Event "COL-ch"]
[Site "Palmira"]
[Date "2017.05.16"]
[Round "3"]
[White "Blandon, Luis Guillermo"]
[Black "Cayon, Diego Mauricio"]
[Result "1-0"]
[WhiteElo "2262"]
[BlackElo "2005"]
[PlyCount "75"]
[EventDate "2017.05.15"]
[EventType "swiss"]
[EventRounds "10"]
[EventCountry "COL"]
[SourceTitle "CBM 178 Extra"]
[Source "ChessBase"]
[SourceDate "2017.06.22"]
[SourceVersion "1"]
[SourceVersionDate "2017.06.22"]
[SourceQuality "1"]

1. e4 c5 2. Nf3 g6 3. d4 cxd4 4. Nxd4 Nc6 5. Nc3 Bg7 6. Be3 Nf6 7. Bc4 Qa5 8. 0-0 d6 9. h3 0-0 10. Bb3 Bd7 11. Re1 Rfc8 12. Nxc6 Bxc6 13. Nd5 Qd8 14. Bd4 Nd7 15. c3 Nc5 16. Bc2 Bh6 17. Qf3 Ne6 18. Be3 Bg7 19. Rad1 b6 20. Qg3 Rab8 21. f4 Rb7 22. Nb4 Bb5 23. e5 Rd7 24. exd6 Rxd6 25. f5 Nc5 26. Rxd6 Qxd6 27. Qxd6 exd6 28. Nd5 Kh8 29. Bf4 Bd3 30. Bxd3 Nxd3 31. Re7 Nxf4 32. Nxf4 Kg8 33. Rxa7 Rc5 34. Ra8+ Bf8 35. f6 Rf5 36. g3 g5 37. Nh5 Rd5 38. Ng7 1-0

[Event "Cali Region-ch"]
[Site "Cali"]
[Date "2017.05.01"]
[Round "6"]
[White "Bedoya, Gustavo"]
[Black "Cayon, Diego Mauricio"]
[Result "0-1"]
[WhiteElo "1587"]
[BlackElo "2005"]
[PlyCount "22"]
[EventDate "2017.04.28"]
[EventType "swiss"]
[EventRounds "7"]
[EventCountry "COL"]
[SourceTitle "CBM 178 Extra"]
[Source "ChessBase"]
[SourceDate "2017.06.22"]
[SourceVersion "1"]
[SourceVersionDate "2017.06.22"]
[SourceQuality "1"]

1. d4 Nf6 2. c4 g6 3. Nc3 Bg7 4. e4 d6 5. Be2 0-0 6. Bg5 h6 7. Be3 e5 8. Nf3 Nc6 9. dxe5 dxe5 10. Qxd8 Rxd8 11. 0-0 Nd4 0-1

[Event "Cali Region-ch"]
[Site "Cali"]
[Date "2017.04.28"]
[Round "1"]
[White "Cayon, Diego Mauricio"]
[Black "Criollo, Luis David"]
[Result "1-0"]
[WhiteElo "2005"]
[BlackElo "1600"]
[PlyCount "63"]
[EventDate "2017.04.28"]
[EventType "swiss"]
[EventRounds "7"]
[EventCountry "COL"]
[SourceTitle "CBM 178 Extra"]
[Source "ChessBase"]
[SourceDate "2017.06.22"]
[SourceVersion "1"]
[SourceVersionDate "2017.06.22"]
[SourceQuality "1"]

1. d4 d5 2. Nf3 Nf6 3. c4 c6 4. Nc3 e6 5. g3 Bb4 6. Bd2 dxc4 7. Bg2 Nbd7 8. 0-0 0-0 9. Qc2 Nb6 10. Rfd1 Bd7 11. Ne5 Qc7 12. Ne4 Nfd5 13. Ng5 g6 14. Bxb4 Nxb4 15. Qe4 h6 16. Nh3 f5 17. Qh4 Qd8 18. Qxh6 Qf6 19. Ng5 Qg7 20. Qxg7+ Kxg7 21. Nxd7 Nxd7 22. Nxe6+ Kg8 23. Nxf8 Nxf8 24. Rac1 b5 25. a4 Re8 26. Kf1 Ne6 27. Bxc6 Nxc6 28. d5 Ned4 29. dxc6 Nxc6 30. axb5 Ne5 31. h3 Rb8 32. Rd5 1-0

[Event "COL-ch Amateur"]
[Site "Colombia"]
[Date "2014.03.14"]
[Round "6"]
[White "Cayon, Diego Mauricio"]
[Black "Yosa, Jhonny"]
[Result "0-1"]
[WhiteElo "1992"]
[BlackElo "1953"]
[PlyCount "65"]
[EventDate "2014.03.12"]
[EventType "swiss"]
[EventRounds "9"]
[EventCountry "COL"]
[SourceTitle "CBM 159 Extra"]
[Source "ChessBase"]
[SourceDate "2014.04.24"]
[SourceVersion "1"]
[SourceVersionDate "2014.04.24"]
[SourceQuality "1"]

1. c4 c6 2. Nc3 d5 3. d4 Nf6 4. g3 dxc4 5. a4 Nd5 6. Bg2 Nxc3 7. bxc3 Qa5 8. Qc2 Nd7 9. Nf3 e6 10. 0-0 Be7 11. Nd2 Nb6 12. e4 0-0 13. e5 Rb8 14. Bb2 Bd7 15. f4 c5 16. Ne4 Bc6 17. Ng5 Bxg5 18. fxg5 Bxg2 19. Qxg2 cxd4 20. cxd4 Nd5 21. Qe4 Qd2 22. Bc1 Qd3 23. Qxd3 cxd3 24. Rd1 Rfc8 25. Rxd3 Rc2 26. Rd2 Rbc8 27. Rxc2 Rxc2 28. Ba3 h6 29. gxh6 gxh6 30. a5 Rd2 31. Bd6 Rxd4 32. Bb8 b6 33. Kg2 0-1

[Event "COL-ch Amateur"]
[Site "San Andres Islas"]
[Date "2013.03.16"]
[Round "7"]
[White "Cayon, Diego Mauricio"]
[Black "Guarin, Holmes"]
[Result "1-0"]
[WhiteElo "1992"]
[BlackElo "1832"]
[PlyCount "85"]
[EventDate "2013.03.13"]
[EventType "swiss"]
[EventRounds "9"]
[EventCountry "COL"]
[SourceTitle "CBM 153 Extra"]
[Source "ChessBase"]
[SourceDate "2013.04.22"]
[SourceVersion "1"]
[SourceVersionDate "2013.04.22"]
[SourceQuality "1"]

1. d4 d5 2. c4 c6 3. Nf3 e6 4. Nc3 Nf6 5. g3 Bb4 6. Bg2 Nbd7 7. 0-0 0-0 8. Nd2 Re8 9. e4 dxe4 10. Ndxe4 Nxe4 11. Nxe4 Nf6 12. Nc3 Qc7 13. Qb3 Bd6 14. c5 Be7 15. Bf4 Qd8 16. Be5 Nd5 17. Ne4 f6 18. Bd6 Bxd6 19. Nxd6 Re7 20. Rfe1 Nc7 21. Bh3 g6 22. Re2 f5 23. Rae1 Nd5 24. Qf3 b5 25. g4 Bd7 26. Qg3 f4 27. Qh4 Qf8 28. g5 Nc7 29. Re4 Qg7 30. Rxf4 Rf8 31. Rf6 Ne8 32. Ne4 Ref7 33. Bxe6 Bxe6 34. Rxe6 Kh8 35. Nd6 Nxd6 36. cxd6 Rf4 37. Qg3 Qxd4 38. Qc3 Rg4+ 39. Kh1 Qxc3 40. bxc3 Rxg5 41. Re8 Kg8 42. Rxf8+ Kxf8 43. d7 1-0

[Event "COL-ch Amateur"]
[Site "San Andres Islas"]
[Date "2013.03.13"]
[Round "2"]
[White "Pedraza, Yonnattanth"]
[Black "Cayon, Diego Mauricio"]
[Result "1-0"]
[WhiteElo "1911"]
[BlackElo "1992"]
[PlyCount "99"]
[EventDate "2013.03.13"]
[EventType "swiss"]
[EventRounds "9"]
[EventCountry "COL"]
[SourceTitle "CBM 153 Extra"]
[Source "ChessBase"]
[SourceDate "2013.04.22"]
[SourceVersion "1"]
[SourceVersionDate "2013.04.22"]
[SourceQuality "1"]

1. e4 e6 2. d3 c5 3. Nf3 Nc6 4. g3 g6 5. Bg2 Bg7 6. 0-0 Nge7 7. c3 b6 8. d4 d5 9. exd5 exd5 10. Be3 c4 11. Qd2 Nf5 12. Bg5 f6 13. Re1+ Nce7 14. Bf4 0-0 15. h4 Nd6 16. Na3 Ne4 17. Qe2 Ba6 18. Nd2 g5 19. Nxe4 gxf4 20. Nd2 Rf7 21. Qh5 Rc8 22. Bh3 f5 23. Nf3 h6 24. g4 Rc6 25. gxf5 Bc8 26. Ne5 Bxe5 27. Rxe5 Rg7+ 28. Kh2 Rf6 29. Nc2 Qf8 30. Nb4 Bxf5 31. Nxd5 Nxd5 32. Re8 Ne7 33. Rxf8+ Kxf8 34. Bxf5 Nxf5 35. Re1 Kg8 36. Rg1 Kh7 37. Rxg7+ Nxg7 38. Qd5 f3 39. Qxc4 Kg6 40. d5 Kh5 41. Kh3 Kg6 42. Qe4+ Kf7 43. c4 Ne8 44. b4 Nd6 45. Qh7+ Kf8 46. c5 bxc5 47. bxc5 Nf5 48. d6 Ke8 49. Qxa7 Rg6 50. Qc7 1-0

[Event "Cali IRT Deptal Valle-ch"]
[Site "Cali"]
[Date "2011.04.21"]
[Round "8.6"]
[White "Cayon, Diego Mauricio"]
[Black "Riascos, Guillermo"]
[Result "1-0"]
[WhiteElo "1957"]
[BlackElo "1911"]
[PlyCount "83"]
[EventDate "2011.03.18"]
[EventType "swiss"]
[EventRounds "8"]
[EventCountry "COL"]
[SourceTitle "EXT 2024"]
[Source "ChessBase"]
[SourceDate "2023.10.10"]
[SourceVersion "1"]
[SourceVersionDate "2023.10.10"]
[SourceQuality "1"]

1. d4 Nf6 2. Nf3 g6 3. c4 c5 4. d5 d6 5. Nc3 Bg7 6. e4 Nbd7 7. Be2 0-0 8. 0-0 Ng4 9. Nd2 Nde5 10. h3 Nf6 11. f4 Ned7 12. Qc2 Ne8 13. Bd3 a6 14. Rb1 Rb8 15. a3 Qc7 16. b3 e6 17. Bb2 Qd8 18. b4 Qh4 19. Kh1 Nef6 20. Nf3 Qh5 21. Ne2 Ng4 22. Bc1 f5 23. Ng3 Qh6 24. dxe6 Ndf6 25. exf5 Nh5 26. Ne2 gxf5 27. Bxf5 Rxf5 28. Qxf5 Bxe6 29. Qg5 Bxc4 30. Qxg4 Bxe2 31. f5 Nf6 32. Bxh6 Nxg4 33. Bxg7 Bxf1 34. Rxf1 Ne3 35. Re1 Nxf5 36. Bc3 cxb4 37. Bxb4 Rd8 38. g4 Nh6 39. Re7 b6 40. Ng5 a5 41. Bc3 d5 42. Rg7+ 1-0

[Event "Cali IRT Deptal Valle-ch"]
[Site "Cali"]
[Date "2011.04.18"]
[Round "2.6"]
[White "Cayon, Diego Mauricio"]
[Black "Herrera, Juan Sebastian"]
[Result "0-1"]
[WhiteElo "1957"]
[BlackElo "2102"]
[PlyCount "82"]
[EventDate "2011.03.18"]
[EventType "swiss"]
[EventRounds "8"]
[EventCountry "COL"]
[SourceTitle "EXT 2024"]
[Source "ChessBase"]
[SourceDate "2023.10.10"]
[SourceVersion "1"]
[SourceVersionDate "2023.10.10"]
[SourceQuality "1"]

1. d4 d5 2. c4 c6 3. Nf3 Nf6 4. g3 e6 5. Bg2 dxc4 6. Ne5 Qa5+ 7. Nc3 Qa6 8. 0-0 Nbd7 9. f4 Be7 10. e3 Nd5 11. Ne4 b5 12. Qg4 g6 13. Ng5 f5 14. Qe2 Nxe5 15. e4 Nd3 16. exd5 cxd5 17. Nf3 Qb6 18. a4 bxa4 19. Rxa4 Bf6 20. Kh1 Bd7 21. Ra3 Nxc1 22. Rxc1 0-0 23. Ne5 Bxe5 24. Qxe5 Qxb2 25. Raa1 Qb8 26. Qe1 Qc7 27. Ra6 Rfe8 28. Rc3 Bc8 29. Ra4 Bb7 30. Re3 Kf7 31. Rea3 a6 32. Ra5 Qb6 33. Rc5 Rec8 34. Raa5 Rxc5 35. dxc5 Qc7 36. Qb4 Rb8 37. Ra1 d4 38. Qxc4 Bxg2+ 39. Kxg2 Rb2+ 40. Kh3 Qc6 41. Rg1 Qf3 0-1

[Event "Colombia Mire Lea Florida Cup"]
[Site "Colombia"]
[Date "2010.10.18"]
[Round "7.7"]
[White "Cayon, Diego Mauricio"]
[Black "Correa, Cesar Alexis"]
[Result "1-0"]
[WhiteElo "1691"]
[BlackElo "1637"]
[PlyCount "73"]
[EventDate "2010.10.16"]
[EventType "swiss"]
[EventRounds "7"]
[EventCountry "COL"]
[SourceTitle "EXT 2024"]
[Source "ChessBase"]
[SourceDate "2023.10.10"]
[SourceVersion "1"]
[SourceVersionDate "2023.10.10"]
[SourceQuality "1"]

1. d4 d5 2. e3 Nf6 3. Bd3 Nc6 4. f4 Bg4 5. Nf3 e6 6. Nbd2 Be7 7. 0-0 h6 8. c3 g5 9. Qb3 Qd6 10. Ne5 0-0 11. Qxb7 Na5 12. Qb5 Qb6 13. Qxb6 axb6 14. fxg5 hxg5 15. Rxf6 Bxf6 16. Nxg4 Bg7 17. e4 f6 18. b4 Nb7 19. Bb2 f5 20. exf5 exf5 21. Ne3 f4 22. Nxd5 Rae8 23. Nxc7 Re3 24. Bc4+ Kh8 25. Ne6 Re8 26. Nxg5 Nd6 27. Nf7+ Nxf7 28. Bxf7 R8e7 29. Bh5 Bf6 30. Nc4 R3e4 31. Ne5 Kg8 32. Bf3 Re3 33. c4 Bh4 34. Rf1 Kh7 35. Bc1 Rc3 36. Bd2 Rc2 37. Be4+ 1-0

[Event "Colombia Mire Lea Florida Cup"]
[Site "Colombia"]
[Date "2010.10.17"]
[Round "4.7"]
[White "Cayon, Diego Mauricio"]
[Black "Ospina Loaiza, Jhonny"]
[Result "0-1"]
[WhiteElo "1691"]
[BlackElo "2002"]
[PlyCount "76"]
[EventDate "2010.10.16"]
[EventType "swiss"]
[EventRounds "7"]
[EventCountry "COL"]
[SourceTitle "EXT 2024"]
[Source "ChessBase"]
[SourceDate "2023.10.10"]
[SourceVersion "1"]
[SourceVersionDate "2023.10.10"]
[SourceQuality "1"]

1. d4 Nf6 2. c4 e5 3. e3 e4 4. Nc3 c6 5. d5 Bb4 6. Bd2 Na6 7. a3 Be7 8. Nge2 Nc7 9. Ng3 cxd5 10. cxd5 Ncxd5 11. Nxd5 Nxd5 12. Nxe4 0-0 13. Bc4 Nc7 14. Ng3 d5 15. Bd3 f5 16. Rc1 d4 17. Qc2 dxe3 18. fxe3 Bd6 19. 0-0 g6 20. Rfd1 Be6 21. Bc4 Qe7 22. Qb3 b6 23. Bxe6+ Qxe6 24. Qa4 Bxg3 25. hxg3 Nd5 26. Rc6 Qe5 27. Qc4 Rf7 28. Be1 Nxe3 29. Rc8+ Rxc8 30. Qxc8+ Rf8 31. Rd8 Rxd8 32. Qxd8+ Kf7 33. Bc3 Qe7 34. Qh8 Ke6 35. Bb4 Qd7 36. Qg8+ Kf6 37. Bc3+ Kg5 38. Qf8 Qd1+ 0-1